|
|
|
|
| LEADER |
00000nam1a2200000 4500 |
| 001 |
266650 |
| 005 |
20231101234023.0 |
| 020 |
|
|
|a RU
|b 87-9600
|
| 035 |
|
|
|a (RuTPU)RU\TPU\book\289670
|
| 090 |
|
|
|a 266650
|
| 100 |
|
|
|a 20140714d1987 km y0rusy5003 ca
|
| 101 |
0 |
|
|a rus
|
| 200 |
1 |
|
|a Акустические методы диагностики двухфазных теплоносителей ЯЭУ
|f В. И. Мельников, Г. Б. Усынин
|
| 210 |
|
|
|a Москва
|c Энергоатомиздат
|d 1987
|
| 215 |
|
|
|a 161 с.
|c ил.
|d 21 см
|
| 320 |
|
|
|a Библиогр.: с. 154-160 (139 назв.)
|
| 606 |
1 |
|
|a Ядерные реакторы
|x Тепловыделяющие элементы
|2 stltpush
|3 (RuTPU)RU\TPU\subj\21684
|9 46638
|
| 610 |
1 |
|
|a двухфазные потоки
|
| 610 |
1 |
|
|a диагностика
|
| 610 |
1 |
|
|a волноводные датчики
|
| 610 |
1 |
|
|a погружные датчики
|
| 610 |
1 |
|
|a акустическое зондирование
|
| 610 |
1 |
|
|a теплоносители
|
| 610 |
1 |
|
|a импедансные методы
|
| 610 |
1 |
|
|a пассивная акустическая диагностика
|
| 610 |
1 |
|
|a ЯЭУ
|
| 610 |
1 |
|
|a ядерные энергетические установки
|
| 675 |
|
|
|a 621.039.54
|z rus
|v 4
|
| 700 |
|
1 |
|a Мельников
|b В. И.
|g Владимир Иванович
|4 070
|
| 701 |
|
1 |
|a Усынин
|b Г. Б.
|g Герман Борисович
|4 070
|
| 801 |
|
0 |
|a RU
|b RuMRKP
|c 19950417
|g psbo
|
| 801 |
|
1 |
|a RU
|b 63413507
|c 20140714
|
| 801 |
|
2 |
|a RU
|b 63413507
|c 20170217
|g RCR
|
| 942 |
|
|
|c BK
|